00533nam a2200121Ia 4500008004100000020002200041041001200063100001500075245011200090260003800202440007600240650009500316231221s9999 xx 000 0 und d a978-1-4614-0213-8 aEnglish aTom Proulx 0aMechanics of Time-Dependent Materials and Processes in Conventional and Multifunctional Materials, Volume 3 c2011bSpringer New YorkaNew York aConference Proceedings of the Society for Experimental Mechanics Series aTheoretical and Applied Mechanics; Characterization and Evaluation of Materials; Mechanics